Dr. S. R. Lasker Library Online Catalogue

Home      Library Home      Institutional Repository      E-Resources      MyAthens      EWU Home

English grammar lessons : (Record no. 3058)

MARC details
000 -LEADER
fixed length control field 01238cam a2200361 a 4500
001 - CONTROL NUMBER
control field 3058
003 - CONTROL NUMBER IDENTIFIER
control field BD-DhEWU
005 - DATE AND TIME OF LATEST TRANSACTION
control field 20160405020002.0
008 - FIXED-LENGTH DATA ELEMENTS--GENERAL INFORMATION
fixed length control field 010607s1993 enka g 000 0 eng d
020 ## - INTERNATIONAL STANDARD BOOK NUMBER
International Standard Book Number 019431359X
International Standard Book Number 9780194313599
International Standard Book Number 0194313581 (with answers)
International Standard Book Number 9780194313582
035 ## - SYSTEM CONTROL NUMBER
System control number (OCLC)30810786
040 ## - CATALOGING SOURCE
Original cataloging agency BD-DhEWU
Language of cataloging eng
Transcribing agency BD-DhEWU
041 ## - LANGUAGE CODE
Language code of text/sound track or separate title eng
082 04 - DEWEY DECIMAL CLASSIFICATION NUMBER
Classification number 425
Item number DEE 1993
092 ## - LOCALLY ASSIGNED DEWEY CALL NUMBER (OCLC)
Classification number D0502655916
100 1# - MAIN ENTRY--PERSONAL NAME
Personal name Dean, Michael,
9 (RLIN) 6602
245 10 - TITLE STATEMENT
Title English grammar lessons :
Remainder of title upper-intermediate /
Statement of responsibility, etc Michael Dean
260 ## - PUBLICATION, DISTRIBUTION, ETC. (IMPRINT)
Place of publication, distribution, etc Oxford :
Name of publisher, distributor, etc Oxford University Press,
Date of publication, distribution, etc c1993
300 ## - PHYSICAL DESCRIPTION
Extent 160 p :
Other physical details ill ;
Dimensions 26 cm
500 ## - GENERAL NOTE
General note This book without answers
526 ## - STUDY PROGRAM INFORMATION NOTE
Program name English
590 ## - LOCAL NOTE (RLIN)
Local note Sagar Shahanawaz
650 #0 - SUBJECT ADDED ENTRY--TOPICAL TERM
Topical term or geographic name as entry element English language
Form subdivision Textbooks for foreign speakers
9 (RLIN) 6603
856 ## - ELECTRONIC LOCATION AND ACCESS
Materials specified WorldCat details
Uniform Resource Identifier http://www.worldcat.org/title/english-grammar-lessons-upper-intermediate/oclc/30810786&referer=brief_results
942 ## - ADDED ENTRY ELEMENTS (KOHA)
Source of classification or shelving scheme Dewey Decimal Classification
Koha item type Text
Koha issues (borrowed), all copies 7
Holdings
Withdrawn status Lost status Source of classification or shelving scheme Damaged status Not for loan Collection code Home library Current library Shelving location Date acquired Source of acquisition Cost, normal purchase price Total Checkouts Full call number Barcode Copy number Koha item type Date last seen Date checked out Total Renewals Checked out
    Dewey Decimal Classification   Not For Loan Non-fiction Dr. S. R. Lasker Library, EWU Dr. S. R. Lasker Library, EWU Reserve Section 07/06/2001 Parama 648.00   425 DEE 1993 9326 C-1 Text        
    Dewey Decimal Classification     Non-fiction Dr. S. R. Lasker Library, EWU Dr. S. R. Lasker Library, EWU Circulation Section 07/06/2001 Parama 648.00 2 425 DEE 1993 9328 C-3 Text 10/10/2013 08/10/2013    
    Dewey Decimal Classification       Dr. S. R. Lasker Library, EWU Dr. S. R. Lasker Library, EWU   07/06/2001 Karim International 0.00 2 425 DEE 3135-9329   Text 02/10/2012 02/10/2012 1 10/09/2018
    Dewey Decimal Classification     Non-fiction Dr. S. R. Lasker Library, EWU Dr. S. R. Lasker Library, EWU Circulation Section 07/06/2001 Parama 648.00 9 425 DEE 1993 9330 C-5 Text 16/07/2023 09/07/2023